<?xml version="1.0" encoding="UTF-8"?>
<record
    xmlns:xsi="http://www.w3.org/2001/XMLSchema-instance"
    xsi:schemaLocation="http://www.loc.gov/MARC21/slim http://www.loc.gov/standards/marcxml/schema/MARC21slim.xsd"
    xmlns="http://www.loc.gov/MARC21/slim">

  <leader>00377nam a2200157Ia 4500</leader>
  <controlfield tag="008">230917s9999||||xx |||||||||||||| ||und||</controlfield>
  <datafield tag="040" ind1=" " ind2=" ">
    <subfield code="e">152585</subfield>
    <subfield code="a">MAIN</subfield>
  </datafield>
  <datafield tag="041" ind1=" " ind2=" ">
    <subfield code="a">English</subfield>
  </datafield>
  <datafield tag="082" ind1=" " ind2=" ">
    <subfield code="a">005.1 S55S</subfield>
  </datafield>
  <datafield tag="100" ind1=" " ind2=" ">
    <subfield code="a">Sommerville, Ian</subfield>
  </datafield>
  <datafield tag="245" ind1=" " ind2="0">
    <subfield code="a">Software engineering</subfield>
  </datafield>
  <datafield tag="250" ind1=" " ind2=" ">
    <subfield code="a">8th ed.</subfield>
  </datafield>
  <datafield tag="260" ind1=" " ind2=" ">
    <subfield code="a">New Delhi</subfield>
    <subfield code="b">Pearson Education</subfield>
    <subfield code="c">1982</subfield>
  </datafield>
  <datafield tag="300" ind1=" " ind2=" ">
    <subfield code="a">864 p.</subfield>
  </datafield>
  <datafield tag="942" ind1=" " ind2=" ">
    <subfield code="c">BK</subfield>
  </datafield>
  <datafield tag="952" ind1=" " ind2=" ">
    <subfield code="0">0</subfield>
    <subfield code="1">0</subfield>
    <subfield code="4">0</subfield>
    <subfield code="6">005_100000000000000_S55S</subfield>
    <subfield code="7">0</subfield>
    <subfield code="9">229962</subfield>
    <subfield code="a">MAIN</subfield>
    <subfield code="b">MAIN</subfield>
    <subfield code="d">2010-04-09</subfield>
    <subfield code="l">0</subfield>
    <subfield code="o">005.1 S55S</subfield>
    <subfield code="p">254109</subfield>
    <subfield code="r">2023-09-17 21:31:05</subfield>
    <subfield code="w">2023-09-17</subfield>
    <subfield code="y">BK</subfield>
  </datafield>
  <datafield tag="952" ind1=" " ind2=" ">
    <subfield code="0">0</subfield>
    <subfield code="1">0</subfield>
    <subfield code="4">0</subfield>
    <subfield code="6">005_100000000000000_S55S</subfield>
    <subfield code="7">0</subfield>
    <subfield code="9">229963</subfield>
    <subfield code="a">MAIN</subfield>
    <subfield code="b">MAIN</subfield>
    <subfield code="d">2010-04-09</subfield>
    <subfield code="l">0</subfield>
    <subfield code="o">005.1 S55S</subfield>
    <subfield code="p">254110</subfield>
    <subfield code="r">2023-09-17 21:31:05</subfield>
    <subfield code="w">2023-09-17</subfield>
    <subfield code="y">BK</subfield>
  </datafield>
  <datafield tag="952" ind1=" " ind2=" ">
    <subfield code="0">0</subfield>
    <subfield code="1">0</subfield>
    <subfield code="4">0</subfield>
    <subfield code="6">005_100000000000000_S55S</subfield>
    <subfield code="7">0</subfield>
    <subfield code="9">229964</subfield>
    <subfield code="a">MAIN</subfield>
    <subfield code="b">MAIN</subfield>
    <subfield code="d">2010-04-09</subfield>
    <subfield code="l">0</subfield>
    <subfield code="o">005.1 S55S</subfield>
    <subfield code="p">254111</subfield>
    <subfield code="r">2023-09-17 21:31:05</subfield>
    <subfield code="w">2023-09-17</subfield>
    <subfield code="y">BK</subfield>
  </datafield>
  <datafield tag="952" ind1=" " ind2=" ">
    <subfield code="0">0</subfield>
    <subfield code="1">0</subfield>
    <subfield code="4">0</subfield>
    <subfield code="6">005_100000000000000_S55S</subfield>
    <subfield code="7">0</subfield>
    <subfield code="9">229965</subfield>
    <subfield code="a">MAIN</subfield>
    <subfield code="b">MAIN</subfield>
    <subfield code="d">2010-04-09</subfield>
    <subfield code="l">0</subfield>
    <subfield code="o">005.1 S55S</subfield>
    <subfield code="p">254112</subfield>
    <subfield code="r">2023-09-17 21:31:05</subfield>
    <subfield code="w">2023-09-17</subfield>
    <subfield code="y">BK</subfield>
  </datafield>
  <datafield tag="952" ind1=" " ind2=" ">
    <subfield code="0">0</subfield>
    <subfield code="1">0</subfield>
    <subfield code="4">0</subfield>
    <subfield code="6">005_100000000000000_S55S</subfield>
    <subfield code="7">0</subfield>
    <subfield code="9">229966</subfield>
    <subfield code="a">MAIN</subfield>
    <subfield code="b">MAIN</subfield>
    <subfield code="d">2010-04-09</subfield>
    <subfield code="l">0</subfield>
    <subfield code="o">005.1 S55S</subfield>
    <subfield code="p">254113</subfield>
    <subfield code="r">2023-09-17 21:31:05</subfield>
    <subfield code="w">2023-09-17</subfield>
    <subfield code="y">BK</subfield>
  </datafield>
  <datafield tag="952" ind1=" " ind2=" ">
    <subfield code="0">0</subfield>
    <subfield code="1">0</subfield>
    <subfield code="4">0</subfield>
    <subfield code="6">005_100000000000000_S55S</subfield>
    <subfield code="7">0</subfield>
    <subfield code="9">229967</subfield>
    <subfield code="a">MAIN</subfield>
    <subfield code="b">MAIN</subfield>
    <subfield code="d">2010-04-09</subfield>
    <subfield code="l">0</subfield>
    <subfield code="o">005.1 S55S</subfield>
    <subfield code="p">254114</subfield>
    <subfield code="r">2023-09-17 21:31:05</subfield>
    <subfield code="w">2023-09-17</subfield>
    <subfield code="y">BK</subfield>
  </datafield>
  <datafield tag="952" ind1=" " ind2=" ">
    <subfield code="0">0</subfield>
    <subfield code="1">0</subfield>
    <subfield code="4">0</subfield>
    <subfield code="6">005_100000000000000_S55S</subfield>
    <subfield code="7">0</subfield>
    <subfield code="9">229968</subfield>
    <subfield code="a">MAIN</subfield>
    <subfield code="b">MAIN</subfield>
    <subfield code="d">2010-04-09</subfield>
    <subfield code="l">0</subfield>
    <subfield code="o">005.1 S55S</subfield>
    <subfield code="p">254115</subfield>
    <subfield code="r">2023-09-17 21:31:05</subfield>
    <subfield code="w">2023-09-17</subfield>
    <subfield code="y">BK</subfield>
  </datafield>
  <datafield tag="952" ind1=" " ind2=" ">
    <subfield code="0">0</subfield>
    <subfield code="1">0</subfield>
    <subfield code="4">0</subfield>
    <subfield code="6">005_100000000000000_S55S</subfield>
    <subfield code="7">0</subfield>
    <subfield code="9">229969</subfield>
    <subfield code="a">MAIN</subfield>
    <subfield code="b">MAIN</subfield>
    <subfield code="d">2010-04-09</subfield>
    <subfield code="l">0</subfield>
    <subfield code="o">005.1 S55S</subfield>
    <subfield code="p">254116</subfield>
    <subfield code="r">2023-09-17 21:31:05</subfield>
    <subfield code="w">2023-09-17</subfield>
    <subfield code="y">BK</subfield>
  </datafield>
  <datafield tag="952" ind1=" " ind2=" ">
    <subfield code="0">0</subfield>
    <subfield code="1">0</subfield>
    <subfield code="4">0</subfield>
    <subfield code="6">005_100000000000000_S55S</subfield>
    <subfield code="7">0</subfield>
    <subfield code="9">229970</subfield>
    <subfield code="a">MAIN</subfield>
    <subfield code="b">MAIN</subfield>
    <subfield code="d">2010-04-09</subfield>
    <subfield code="l">0</subfield>
    <subfield code="o">005.1 S55S</subfield>
    <subfield code="p">254117</subfield>
    <subfield code="r">2023-09-17 21:31:05</subfield>
    <subfield code="w">2023-09-17</subfield>
    <subfield code="y">BK</subfield>
  </datafield>
  <datafield tag="952" ind1=" " ind2=" ">
    <subfield code="0">0</subfield>
    <subfield code="1">0</subfield>
    <subfield code="4">0</subfield>
    <subfield code="6">005_100000000000000_S55S</subfield>
    <subfield code="7">0</subfield>
    <subfield code="9">229971</subfield>
    <subfield code="a">MAIN</subfield>
    <subfield code="b">MAIN</subfield>
    <subfield code="d">2010-04-09</subfield>
    <subfield code="l">0</subfield>
    <subfield code="o">005.1 S55S</subfield>
    <subfield code="p">254118</subfield>
    <subfield code="r">2023-09-17 21:31:06</subfield>
    <subfield code="w">2023-09-17</subfield>
    <subfield code="y">BK</subfield>
  </datafield>
  <datafield tag="952" ind1=" " ind2=" ">
    <subfield code="0">0</subfield>
    <subfield code="1">0</subfield>
    <subfield code="4">0</subfield>
    <subfield code="6">005_100000000000000_S55S</subfield>
    <subfield code="7">0</subfield>
    <subfield code="9">229972</subfield>
    <subfield code="a">MAIN</subfield>
    <subfield code="b">MAIN</subfield>
    <subfield code="c">UIET</subfield>
    <subfield code="d">2010-04-09</subfield>
    <subfield code="l">0</subfield>
    <subfield code="o">005.1 S55S</subfield>
    <subfield code="p">286091</subfield>
    <subfield code="r">2023-09-17 21:31:06</subfield>
    <subfield code="w">2023-09-17</subfield>
    <subfield code="y">BK</subfield>
  </datafield>
  <datafield tag="952" ind1=" " ind2=" ">
    <subfield code="0">0</subfield>
    <subfield code="1">0</subfield>
    <subfield code="4">0</subfield>
    <subfield code="6">005_100000000000000_S55S</subfield>
    <subfield code="7">0</subfield>
    <subfield code="9">229973</subfield>
    <subfield code="a">MAIN</subfield>
    <subfield code="b">MAIN</subfield>
    <subfield code="c">UIET</subfield>
    <subfield code="d">2010-04-09</subfield>
    <subfield code="l">0</subfield>
    <subfield code="o">005.1 S55S</subfield>
    <subfield code="p">286092</subfield>
    <subfield code="r">2023-09-17 21:31:06</subfield>
    <subfield code="w">2023-09-17</subfield>
    <subfield code="y">BK</subfield>
  </datafield>
  <datafield tag="952" ind1=" " ind2=" ">
    <subfield code="0">0</subfield>
    <subfield code="1">0</subfield>
    <subfield code="4">0</subfield>
    <subfield code="6">005_100000000000000_S55S</subfield>
    <subfield code="7">0</subfield>
    <subfield code="9">229974</subfield>
    <subfield code="a">MAIN</subfield>
    <subfield code="b">MAIN</subfield>
    <subfield code="c">UIET</subfield>
    <subfield code="d">2010-04-09</subfield>
    <subfield code="l">0</subfield>
    <subfield code="o">005.1 S55S</subfield>
    <subfield code="p">286093</subfield>
    <subfield code="r">2023-09-17 21:31:06</subfield>
    <subfield code="w">2023-09-17</subfield>
    <subfield code="y">BK</subfield>
  </datafield>
  <datafield tag="952" ind1=" " ind2=" ">
    <subfield code="0">0</subfield>
    <subfield code="1">0</subfield>
    <subfield code="4">0</subfield>
    <subfield code="6">005_100000000000000_S55S</subfield>
    <subfield code="7">0</subfield>
    <subfield code="9">229975</subfield>
    <subfield code="a">MAIN</subfield>
    <subfield code="b">MAIN</subfield>
    <subfield code="c">UIET</subfield>
    <subfield code="d">2010-04-09</subfield>
    <subfield code="l">0</subfield>
    <subfield code="o">005.1 S55S</subfield>
    <subfield code="p">286094</subfield>
    <subfield code="r">2023-09-17 21:31:06</subfield>
    <subfield code="w">2023-09-17</subfield>
    <subfield code="y">BK</subfield>
  </datafield>
  <datafield tag="999" ind1=" " ind2=" ">
    <subfield code="c">142894</subfield>
    <subfield code="d">142894</subfield>
  </datafield>
</record>
